[Event "Namses op"]
[Site "Namses"]
[Date "1995.??.??"]
[Round "?"]
[White "Nilssen, Sven Wisloff"]
[Black "Ogaard, Leif"]
[Result "1/2-1/2"]
[WhiteElo "2210"]
[BlackElo "2415"]

1.d4 Nf6 2.Bg5 e6 3.e4 h6 4.Bxf6 Qxf6 5.Nf3 d6 6.Nc3 g6 7.e5 Qe7 8.Bd3 Bg7
9.Qe2 Bd7 10.O-O-O Nc6 11.Kb1 O-O-O 12.exd6 Qxd6 13.Ne4 Qe7 14.c3 b6 15.Nc5 Kb8
16.Nxd7+ Qxd7 17.Ne5 Bxe5 18.dxe5 Qd5 19.f4 Qc5 20.Be4 Ne7 21.g3 c6 22.Rd3 b5
23.Rhd1 Nd5 24.Rd4 Rd7 25.Bxd5 cxd5 26.c4 bxc4 27.Rxc4 Qa5 28.Rc3 Rc8 29.Rdc1 Rxc3
30.Rxc3 Rc7 31.Rxc7 Kxc7 32.a3 Kb6 33.Qc2 Qc5 34.Qb3+ Qb5 35.Qe3+ Qc5 36.Qb3+ Kc7
37.Qa4 Kd8 38.Ka2 h5 39.Qa6 Ke7 40.Qb7+ Kf8 41.Qb8+ Kg7 42.Qd8 a6 43.Qf6+ Kg8
44.Qd8+ Kh7 45.Qd6 Qc8 46.Kb1 Kg7 47.Qb6 Qc4 48.Qd8 Qc5 49.Qf6+ Kg8 50.Qd8+ Kh7
51.Qd6 Qc4  1/2-1/2

[Event "New York op"]
[Site "New York"]
[Date "1995.??.??"]
[Round "4"]
[White "Hodgson, Julian M"]
[Black "Bezold, Michael"]
[Result "1/2-1/2"]
[WhiteElo "2615"]
[BlackElo "2495"]

1.d4 Nf6 2.Bg5 e6 3.e4 h6 4.Bxf6 Qxf6 5.e5 Qd8 6.f4 d5 7.Nf3 c5 8.c3 Nc6
9.h4 Bd7 10.h5 Qb6 11.Qd2 O-O-O 12.Be2 Kb8 13.O-O Be7 14.Na3 f6 15.Nc2 Be8
16.exf6  1/2-1/2

[Event "JUG-ch sf"]
[Site "Nis"]
[Date "1995.??.??"]
[Round "?"]
[White "Maric, Dragan"]
[Black "Cvetkovic, Srdjan"]
[Result "0-1"]
[WhiteElo "2265"]
[BlackElo "2425"]

1.d4 Nf6 2.Bg5 e6 3.e4 h6 4.Bxf6 Qxf6 5.Nf3 c5 6.c3 Nc6 7.Be2 d5 8.e5 Qd8
9.O-O Bd7 10.Nbd2 cxd4 11.cxd4 Qb6 12.Nb3 Na5 13.Nxa5 Qxa5 14.a3 Be7 15.Rc1 O-O
16.Bd3 Rfc8 17.Qe2 a6 18.g3 Bb5 19.Nd2 Qb6 20.Bxb5 axb5 21.Qd3 b4 22.a4 Rc6
23.Qb5 Bd8 24.Rc5 Ra5 25.Qxb6 Bxb6 26.Rxc6 bxc6 27.Rc1 Rxa4 28.Nb3 Ra2 29.Rc2 Ba7
30.Kh1 g5 31.f4 g4 32.Kg2 Kg7 33.Kf2 Kg6 34.Nc1 Ra6 35.Nd3 b3 36.Rc3 Ra4
37.Rxc6 Bxd4+ 38.Ke2 Rc4 39.Ra6 Rc2+ 40.Kd1 Rxh2 41.Ra3 Rg2 42.Rxb3 Rxg3
43.Ke2 Re3+ 44.Kd2 g3 45.Rb8 Kg7 46.f5 Rxd3+ 47.Kxd3 g2  0-1

[Event "JUG-ch sf"]
[Site "Nis"]
[Date "1995.??.??"]
[Round "?"]
[White "Scekic, Milos"]
[Black "Aleksic, Milan"]
[Result "1-0"]
[WhiteElo "2305"]
[BlackElo "2325"]

1.d4 Nf6 2.Bg5 e6 3.Nf3 h6 4.Bh4 c5 5.e3 Be7 6.Nbd2 cxd4 7.exd4 b6 8.c3 Bb7
9.Bd3 Qc7 10.O-O d6 11.Re1 O-O 12.a4 a6 13.Nc4 Nbd7 14.Nfd2 Rfe8 15.Qb3 Rab8
16.Rac1 Bc6 17.Ne3 b5 18.axb5 axb5 19.Ra1 Bf8 20.f3 Qb7 21.Ra5 e5 22.Nc2 d5
23.Rea1 e4 24.Ra7 Qc8 25.Be2 exf3 26.Bxf3 Ne4 27.Nxe4 dxe4 28.Bh5 Re6 29.Rf1  1-0

[Event "JUG-ch sf"]
[Site "Nis"]
[Date "1995.??.??"]
[Round "?"]
[White "Dezelin, Milan"]
[Black "Rolj, Petar"]
[Result "1-0"]
[WhiteElo "2335"]
[BlackElo "2135"]

1.d4 Nf6 2.Bg5 e6 3.e4 Be7 4.e5 Nd5 5.h4 Bxg5 6.hxg5 Qxg5 7.c4 Nf4 8.g3 Ng6
9.Nc3 c6 10.Ne4 Qe7 11.Nd6+ Kd8 12.Bd3 Na6 13.Nf3 h6 14.Bxg6 fxg6 15.Nh4 Kc7
16.Nxg6  1-0

[Event "JUG-ch sf"]
[Site "Nis"]
[Date "1995.??.??"]
[Round "?"]
[White "Scekic, Milos"]
[Black "Govedarica, Radovan"]
[Result "0-1"]
[WhiteElo "2305"]
[BlackElo "2425"]

1.d4 Nf6 2.Bg5 e6 3.Nf3 h6 4.Bh4 c5 5.e3 Qb6 6.Qc1 Be7 7.Nbd2 d6 8.Bd3 Bd7
9.O-O Bb5 10.c4 Bd7 11.dxc5 Qxc5 12.Ne4 Nxe4 13.Bxe4 Bc6 14.b4 Qxb4 15.Bxc6+ bxc6
16.Rb1 Qc5 17.Bxe7 Kxe7 18.Rb7+ Nd7 19.Qc3 f6 20.Nd4 Rhc8 21.Nb3 Qe5 22.Qd3 Rab8
23.f4 Qb2 24.Rxa7 Ra8 25.Rxa8 Rxa8 26.Rf2 Qa3 27.Rd2 f5 28.e4 fxe4 29.Qxe4 Nc5
30.Qd4 Nxb3 31.axb3 Qa1+ 32.Kf2 Qxd4+ 33.Rxd4 Ra2+ 34.Kf3 Rb2 35.Rd3 d5 36.c5 g5
37.g3 gxf4 38.gxf4 Rxh2 39.Kg3 Rc2 40.b4 Rc4 41.Ra3 Rxb4 42.Ra6 Kf6 43.Rxc6 Kf5
44.Rc8 Rb3+ 45.Kh4 Kxf4 46.c6 Rc3 47.Kh5 Ke5 48.Kxh6 Kd6 49.Rd8+ Kc7  0-1

[Event "JUG-chT"]
[Site "Nis"]
[Date "1995.??.??"]
[Round "?"]
[White "Dragic, Vladimir"]
[Black "Trajkovic, Predrag"]
[Result "1-0"]
[WhiteElo "2115"]
[BlackElo "2260"]

1.d4 Nf6 2.Bg5 e6 3.e4 h6 4.Bxf6 Qxf6 5.Nf3 c5 6.e5 Qd8 7.d5 d6 8.Nc3 a6
9.Bc4 dxe5 10.Nxe5 Qc7 11.Nxf7 Qxf7 12.dxe6 Qf4 13.Qh5+ Kd8 14.Rd1+ Bd6 15.e7+ Kd7
16.Bf7 Kc6 17.e8=Q+ Rxe8+ 18.Bxe8+ Bd7 19.Bxd7+ Nxd7 20.Qd5+ Kc7 21.g3 Qe5+
22.Qxe5 Nxe5 23.O-O Nf3+ 24.Kg2 Rf8 25.Ne4 Be7 26.Nd2 Nd4 27.c3 Nc6 28.Rfe1 b6
29.Nc4 Bf6 30.f4 b5 31.Ne3 Bd8 32.Ng4 Na5 33.Re6 Nc4 34.b3 Nb6 35.Ne5  1-0

[Event "CZE-ch"]
[Site "Olomouc"]
[Date "1995.??.??"]
[Round "?"]
[White "Cech, Pavel"]
[Black "Sluka, Radek"]
[Result "0-1"]
[WhiteElo "2360"]
[BlackElo "2310"]

1.d4 Nf6 2.Bg5 e6 3.e4 h6 4.Bxf6 Qxf6 5.Nf3 d6 6.Nc3 a6 7.e5 Qd8 8.Bd3 Nd7
9.O-O Be7 10.Qe2 d5 11.Nd1 c5 12.c3 b5 13.Ne3 Bb7 14.dxc5 Nxc5 15.Nd4 Qc7
16.f4 g5 17.f5 Qxe5 18.fxe6 fxe6 19.Qh5+ Kd7 20.Ng4 Qd6 21.Rae1 Ne4 22.Bxe4 dxe4
23.Rd1 Bd5 24.Nf5 exf5 25.Rxf5 Qb6+ 26.Kh1 Rad8 27.Rfxd5+ Kc8 28.Ne5 Qe6
29.c4 Rhf8 30.Qe2 Rxd5 31.Rxd5 e3 32.h3 Bd6 33.Nf3 Rf4 34.Rd3 Re4 35.cxb5 axb5
36.Nd4 Qe5 37.Rc3+ Kb7 38.Nxb5 Qh2+  0-1

[Event "CZE-ch"]
[Site "Olomouc"]
[Date "1995.??.??"]
[Round "?"]
[White "Meduna, Eduard"]
[Black "Cvek, Robert"]
[Result "1-0"]
[WhiteElo "2480"]
[BlackElo "2285"]

1.d4 Nf6 2.Bg5 e6 3.Nf3 c5 4.e3 b6 5.c4 h6 6.Bh4 Bb7 7.Nc3 Be7 8.Be2 d6 9.d5 O-O
10.Bg3 exd5 11.cxd5 a6 12.e4 Nh5 13.a4 Nd7 14.O-O Nxg3 15.hxg3 Bf6 16.Nd2 Qc7
17.f4 Rae8 18.Bf3 Bc8 19.Nc4 Bd4+ 20.Kh2 Kh8 21.Ne2 Bf6 22.Qb3 g6 23.Rfe1 h5
24.Rad1 Qb8 25.Nc3 Kg7 26.Rd2 Bd4 27.Qd1 Bf6 28.Kh1 h4 29.g4 g5 30.e5 dxe5
31.f5 Bb7 32.Ne4 Rh8 33.Qe2 Be7 34.f6+ Nxf6 35.Nxb6 Nxe4 36.Bxe4 Qc7 37.Nc4 Bd6
38.Rf1 Rhf8 39.Qf3 f6 40.Qf5 Rf7 41.Qg6+  1-0

[Event "Paris op"]
[Site "Paris"]
[Date "1995.??.??"]
[Round "?"]
[White "Chevallier, Didier"]
[Black "Nalbandian, Tigran"]
[Result "0-1"]
[WhiteElo "2305"]
[BlackElo "2430"]

1.d4 Nf6 2.Bg5 e6 3.Nd2 d5 4.e3 c5 5.c3 Nbd7 6.Bd3 Qc7 7.Qb1 cxd4 8.exd4 e5
9.Ne2 Be7 10.f3 O-O 11.O-O Re8 12.Kh1 exd4 13.Nxd4 Ne5 14.Bc2 h6 15.Bf4 Bd6
16.Ba4 Bd7 17.Bxd7 Nfxd7 18.Nf5 Bf8 19.Nd4 Nc5 20.N2b3 Ncd3 21.Bg3 Nc5 22.Nxc5 Bxc5
23.Nb3 Bf8 24.Bf2 a6 25.Rd1 Nc4 26.Rxd5 Re2 27.Bc5 Bxc5 28.Nxc5 Qc6 29.Qd1 Rae8
30.Ne4 Rxb2 31.Rd8 Rxg2 32.Rxe8+ Qxe8 33.Nd6 Qd8  0-1

[Event "Andalucia-ch"]
[Site "Rincon de La Victoria"]
[Date "1995.??.??"]
[Round "4"]
[White "Castillo Gallego, Sergio"]
[Black "Martos Exposito, Manuel"]
[Result "1-0"]
[WhiteElo "2095"]
[BlackElo "2200"]

1.d4 Nf6 2.Bg5 e6 3.e4 Be7 4.Bxf6 Bxf6 5.e5 Be7 6.Nf3 d6 7.Bd3 Nd7 8.O-O dxe5
9.dxe5 c6 10.c4 Qc7 11.Qe2 O-O 12.Nc3 Nc5 13.Bc2 a5 14.Rad1 b6 15.a3 a4 16.Rd4 g6
17.Qd1 Nd7 18.Bxa4 Bc5 19.Rd2 Ra7 20.Qe2 Bb7 21.Bc2 Be7 22.Rfd1 Rd8 23.Ne4 Ra5
24.c5 Nxc5 25.Rxd8+ Bxd8 26.Qd2 Ra8 27.Nf6+ Bxf6 28.exf6 Qb8 29.b4 Na6 30.Ne5 Qf8
31.Nd7 Rd8 32.Nxf8  1-0

[Event "San Sebastian op"]
[Site "San Sebastian"]
[Date "1995.??.??"]
[Round "1"]
[White "Pomes Marcet, Juan"]
[Black "Lauridsen, Jesper Morck"]
[Result "1-0"]
[WhiteElo "2410"]
[BlackElo "2200"]

1.d4 Nf6 2.Bg5 e6 3.e4 h6 4.Bxf6 Qxf6 5.Nc3 Bb4 6.Qd2 Qg5 7.f4 Bxc3 8.bxc3 Qh4+
9.g3 Qe7 10.Nf3 d6 11.Bd3 Nd7 12.O-O e5 13.fxe5 dxe5 14.Bc4 exd4 15.cxd4 Nb6
16.Bd3 O-O 17.Qf4 Be6 18.e5 Bc4 19.Nh4 Bxd3 20.cxd3 Rad8 21.Qe4 Nd5 22.Nf5 Qg5
23.h4 Qg6 24.Rab1 b6 25.Rbc1 Rfe8 26.Kh2 Kf8 27.Qf3 Rd7 28.h5 Qg5 29.Rce1 Re6
30.Re4 Rc6 31.Nh4 Rc2+ 32.Kh3 Kg8 33.e6 fxe6 34.Rxe6 Nf6 35.Qa8+ Kh7 36.Rfxf6 gxf6
37.Re8 Qg7 38.Qe4+  1-0

[Event "SCO-ch"]
[Site "?"]
[Date "1995.??.??"]
[Round "1"]
[White "Condie, Mark L"]
[Black "Grant, Jonathan"]
[Result "1/2-1/2"]
[WhiteElo "2450"]
[BlackElo "2295"]

1.d4 Nf6 2.Bg5 e6 3.e4 h6 4.Bxf6 Qxf6 5.Qd2 c5 6.e5 Qh4 7.Nf3 Qe4+ 8.Be2 cxd4
9.O-O Nc6 10.Bd3 Qg4 11.h3 Qh5 12.Qf4 d6 13.exd6 Qd5 14.Nbd2 Bxd6 15.Qg4 O-O
16.Be4 Qc5 17.Nb3 Qb6 18.Qh5 Be7 19.Rad1 Bd7 20.Nfxd4 Rad8 21.c4 Nxd4 22.Rxd4 Bf6
23.c5 Qc7 24.Rb4 Bc6 25.Bxc6 bxc6 26.Qe2 Rd5 27.Qa6 Bxb2 28.Rb7 Qf4 29.Qxc6 Be5
30.g3 Qf3 31.Rd7 Bxg3 32.Rxd5 exd5 33.fxg3 Qxg3+ 34.Kh1 Qxh3+ 35.Kg1 Qg3+  1/2-1/2

[Event "ESP-chTa"]
[Site "Spain"]
[Date "1995.??.??"]
[Round "2"]
[White "Romero Holmes, Alfonso"]
[Black "Suarez, Diego"]
[Result "1/2-1/2"]
[WhiteElo "2435"]
[BlackElo "2265"]

1.d4 Nf6 2.Bg5 e6 3.e4 h6 4.Bxf6 Qxf6 5.Nc3 d6 6.Qd2 c6 7.O-O-O e5 8.d5 c5
9.h4 g6 10.g3 h5 11.Kb1 a6 12.Nh3 b5 13.Ng5 Nd7 14.a4 b4 15.Na2 Bg7 16.Be2 Nb6
17.a5 Nd7 18.Nc1 Qd8 19.Nb3 Nf6 20.Rdf1 O-O 21.f4 exf4  1/2-1/2

[Event "St Cugat op"]
[Site "St Cugat"]
[Date "1995.??.??"]
[Round "8"]
[White "Granados Gomez, Manuel"]
[Black "Comas Fabrego, Luis"]
[Result "1/2-1/2"]
[WhiteElo "2400"]
[BlackElo "2490"]

1.d4 Nf6 2.Bg5 e6 3.Nf3 c5 4.e3 h6 5.Bh4 cxd4 6.exd4 Be7 7.Nbd2 O-O 8.c3 b6
9.a4 Nd5 10.Bg3 Bb7 11.Bd3 Nc6 12.O-O Rc8 13.Nc4 d6 14.Qe2 Ba6 15.Nfd2 Na5
16.Rfe1 Nxc4 17.Nxc4 Nf6 18.h3 Kh8 19.Na3 Bxd3 20.Qxd3 Nd5 21.Qa6 Qd7 22.Qe2 Rfe8
23.Nc4 Bf8 24.Ne3 Nxe3 25.Qxe3 d5 26.Qd3 Rc4 27.Qc2 Rec8 28.Qb3 Qb7 29.Ra2 a6
30.Rea1 Kg8 31.Kf1 Be7 32.Bf4 Bd8 33.Kg1 Qc6 34.Qd1 Be7 35.Bd2 Qe8 36.Qg4 Kf8
37.Bf4 b5 38.axb5 axb5 39.Be5 f6 40.Bf4 e5 41.Be3 b4  1/2-1/2

[Event "SWZ-chT"]
[Site "SWZ"]
[Date "1995.??.??"]
[Round "3"]
[White "Curien, Nicolas"]
[Black "Von Allmen, Alain"]
[Result "1/2-1/2"]
[WhiteElo "2260"]
[BlackElo "2205"]

1.d4 Nf6 2.Bg5 e6 3.e4 h6 4.Bxf6 Qxf6 5.Nf3 g5 6.e5 Qe7 7.Nc3 d5 8.h4 g4
9.Nd2 h5 10.f4 f5 11.a3 b6 12.g3 Ba6 13.Bxa6 Nxa6 14.Qe2 Nb8 15.b4 a6 16.Nb3 Qd7
17.Qd3 Be7 18.O-O Kf7 19.Rfd1 Rc8 20.Ne2 Qb5 21.Rac1 Qxd3 22.cxd3 c6 23.Rc2 Ra7
24.Rdc1 Rac7 25.Kf1  1/2-1/2

[Event "Terrasa op"]
[Site "Terrasa"]
[Date "1995.??.??"]
[Round "4"]
[White "Mellado Trivino, Juan"]
[Black "Jerez Perez, Alfonso"]
[Result "1-0"]
[WhiteElo "2460"]
[BlackElo "2355"]

1.d4 Nf6 2.Bg5 e6 3.e4 h6 4.Bxf6 Qxf6 5.Nc3 d6 6.Qd2 Nd7 7.O-O-O a6 8.f4 g5
9.g3 Bg7 10.Nf3 Qe7 11.e5 b5 12.Bg2 Bb7 13.Nxg5 Bxg2 14.Qxg2 d5 15.Nf3 Nb6
16.Rd3 b4 17.Ne2 a5 18.f5 h5 19.Nf4 Bh6 20.Kb1 Bxf4 21.gxf4 O-O-O 22.f6 Qd7
23.Ng5 a4 24.Qd2 Qb5 25.Nxf7 Nc4 26.Qf2  1-0

[Event "SVK-ch"]
[Site "Trencin"]
[Date "1995.??.??"]
[Round "2"]
[White "Tibensky, Robert"]
[Black "Kebis, Milos"]
[Result "1-0"]
[WhiteElo "2415"]
[BlackElo "2150"]

1.d4 Nf6 2.Bg5 e6 3.Nd2 d5 4.e3 h6 5.Bh4 c5 6.c3 Nbd7 7.f4 Be7 8.Bd3 a6 9.Ngf3 b5
10.O-O Qb6 11.Ne5 Qd6 12.Bg3 Qb6 13.Bh4 Qc7 14.Qf3 Rb8 15.Qg3 Bf8 16.f5 Nh5
17.fxe6 g5 18.exd7+ Bxd7 19.Qf3  1-0

[Event "Velden op"]
[Site "Velden"]
[Date "1995.??.??"]
[Round "4"]
[White "Casagrande, Harald"]
[Black "Zoler, Dan"]
[Result "0-1"]
[WhiteElo "2340"]
[BlackElo "2415"]

1.d4 Nf6 2.Bg5 e6 3.Nf3 h6 4.Bxf6 Qxf6 5.c3 d6 6.Nbd2 Nd7 7.e3 g6 8.g4 Qe7
9.Qa4 Bg7 10.h4 c6 11.O-O-O a5 12.c4 d5 13.e4 dxe4 14.Nxe4 Nf6 15.Qc2 Nxg4
16.c5 O-O 17.h5 g5 18.Bc4 b5 19.Be2 e5 20.dxe5 Nxe5 21.Nd4 Be6 22.f4 gxf4
23.Nd6 Kh8 24.N4f5 Qf6 25.Rhf1 Rad8 26.Nxg7 Qxg7 27.Rxf4 Qg5 28.Rf1 Bh3 29.Ne4 Qg7
30.Rh1 Bg2 31.Re1 Rd4 32.Rg1 f5 33.Bf1 fxe4 34.Rxf8+ Qxf8 35.Bxg2 Rc4  0-1

[Event "Villalba op"]
[Site "Villalba"]
[Date "1995.??.??"]
[Round "4"]
[White "Romero Holmes, Alfonso"]
[Black "Lozano, C."]
[Result "1-0"]
[WhiteElo "2435"]
[BlackElo "2245"]

1.d4 Nf6 2.Bg5 e6 3.e4 h6 4.Bxf6 Qxf6 5.Nc3 d6 6.Qd2 g6 7.f4 Bg7 8.O-O-O Qe7
9.Nf3 Nd7 10.f5 h5 11.Kb1 Bh6 12.Qe1 gxf5 13.exf5 Nf6 14.fxe6 Bxe6 15.d5 Bg4
16.Qf2 Be3 17.Qh4 Ng8 18.Re1 Bxf3 19.Qg3  1-0

[Event "LTU-ch"]
[Site "Vilnius"]
[Date "1995.??.??"]
[Round "4"]
[White "Kondroska, Vaidotas"]
[Black "Kaunas, Kestutis"]
[Result "0-1"]
[WhiteElo "2080"]
[BlackElo "2415"]

1.d4 Nf6 2.Bg5 e6 3.e4 h6 4.Bxf6 Qxf6 5.Nc3 d6 6.Qd2 Nd7 7.Nf3 g5 8.Nb5 Kd8
9.Qc3 c6 10.e5 Qf4 11.Nxd6 Bxd6 12.exd6 f6 13.Bc4 Qxd6 14.O-O-O Nb6 15.Rhe1 Nd5
16.Bxd5 cxd5 17.g3 Bd7 18.Re3 Rc8 19.Qd3 Be8 20.Rde1 Bf7 21.Qb5 Rc7 22.Qa5 b6
23.Qd2 Re8 24.Rc3 Rxc3 25.Qxc3 Bg6 26.h4 Kd7 27.Qb3 Rc8 28.Re2 Rc4 29.hxg5 hxg5
30.Rd2 Qf8 31.Ne1 Qh6 32.Qe3 Qh1 33.b3 Rc6 34.Kb2 Qe4 35.Qxe4 dxe4 36.f4 exf3
37.Nxf3 Be4 38.Ne1 Rc8 39.Re2 f5 40.Rh2 a5 41.c4 Kd6 42.a4 Rf8 43.Rh6 f4
44.gxf4 Rxf4 45.d5 Bf5 46.dxe6 Rf1 47.Rh5 Rxe1 48.Rxg5 Kxe6  0-1

[Event "LTU-ch"]
[Site "Vilnius"]
[Date "1995.??.??"]
[Round "8"]
[White "Lasinskas, Povilas"]
[Black "Sarakauskas, Gediminas"]
[Result "1-0"]
[WhiteElo "2175"]
[BlackElo "2160"]

1.d4 Nf6 2.Bg5 e6 3.Nf3 Be7 4.e3 O-O 5.Bd3 b6 6.c4 Bb7 7.Nc3 d5 8.O-O Nbd7
9.Rc1 c5 10.Qe2 Ne4 11.Bxe7 Nxc3 12.Bxh7+ Kh8 13.Rxc3 Qxe7 14.Bb1 dxc4 15.Ne5 Nf6
16.Qxc4 Rac8 17.dxc5 Nd5 18.Qg4 Kg8 19.Qh3 g6 20.Rc4 Qg5 21.Nxg6 fxg6 22.Rg4 Qe7
23.Rxg6+ Kf7 24.Qh7+ Ke8 25.Rg7 Rxc5 26.Rxe7+ Nxe7 27.Bg6+ Nxg6 28.Qxb7 Rf7
29.Qb8+  1-0

[Event "AUT-ch"]
[Site "Voitsberg"]
[Date "1995.??.??"]
[Round "1"]
[White "Casagrande, Harald"]
[Black "Robatsch, Karl"]
[Result "0-1"]
[WhiteElo "2340"]
[BlackElo "2395"]

1.d4 Nf6 2.Bg5 e6 3.Nf3 h6 4.Bxf6 Qxf6 5.e4 d6 6.Nc3 Nd7 7.Qd2 c6 8.O-O-O Be7
9.e5 dxe5 10.dxe5 Nxe5 11.Ne4 Qf5 12.Qd4 Nxf3 13.Qxg7 Qe5 14.Qg4 Ng5 15.Nd2 Qf5
16.Qa4 e5 17.g3 Qxf2 18.h4 Nf3 19.Bc4 Nxd2 20.Rxd2 Qe3 21.Rd1 Bf5 22.Kb1 Rd8
23.Rxd8+ Bxd8 24.Qb4 Qb6 25.Qa3 h5 26.Qf3 Bg6 27.g4 hxg4 28.Qxg4 Qc7 29.h5 Rxh5
30.Be6 Qe7  0-1

[Event "POL-ch (Women)"]
[Site "Warsaw"]
[Date "1995.??.??"]
[Round "11"]
[White "Radziewicz, Iweta"]
[Black "Leszner, Liliana"]
[Result "1-0"]
[WhiteElo "2160"]
[BlackElo "2205"]

1.d4 Nf6 2.Bg5 e6 3.e4 Be7 4.Bd3 c5 5.e5 Nd5 6.Bxe7 Nxe7 7.Qg4 Ng6 8.c3 cxd4
9.cxd4 Qb6 10.Nd2 Qxb2 11.Rb1 Qc3 12.Qe4 Nc6 13.Ne2 Qa5 14.Rb5 Qxa2 15.Nc4 O-O
16.O-O f5 17.Qe3 Nce7 18.Ra5 Nd5 19.Rxa2 Nxe3 20.fxe3 Ne7 21.Nb6 Rb8 22.Rxa7 Rd8
23.Rb1 Nc6 24.Ra3 d6 25.exd6 Rxd6 26.Nxc8 Rxc8 27.Rxb7 Rf8 28.Bb5 Nd8 29.Rd7 Rb6
30.Raa7 Nf7 31.Bc4 g5 32.d5 f4 33.exf4 Rc8 34.Bd3 Rb3 35.Bxh7+ Kxh7 36.Rxf7+ Kg6
37.Rg7+ Kh5 38.Rxg5+ Kh6 39.dxe6 Rb1+ 40.Kf2 Rf1+ 41.Kxf1 Rc1+ 42.Kf2 Rf1+
43.Ke3 Rf3+ 44.Kd4 Rd3+ 45.Ke4 Re3+ 46.Kf5 Re5+ 47.Kg4 Rxe2 48.Rh5+ Kg6 49.f5+ Kf6
50.Rf7+  1-0

[Event "Wattens op"]
[Site "Wattens"]
[Date "1995.??.??"]
[Round "?"]
[White "Laube, Bernhard"]
[Black "Fuchs, Georg"]
[Result "1-0"]
[WhiteElo "2285"]
[BlackElo "2220"]

1.d4 Nf6 2.Bg5 e6 3.e3 d5 4.Nd2 Be7 5.Bd3 h6 6.Bf4 c5 7.c3 Nc6 8.h3 O-O 9.Bh2 cxd4
10.exd4 Bd6 11.f4 Qc7 12.Qf3 a6 13.Ne2 Ne8 14.g4 g6 15.O-O-O b5 16.Kb1 b4
17.c4 dxc4 18.Nxc4 Bb7 19.Qe3 Ne7 20.Nxd6 Nxd6 21.f5 Bxh1 22.f6 Kh7 23.fxe7 Qxe7
24.Rxh1 Nb5 25.Be4 Rac8 26.h4 f5 27.Bd5 Rfe8 28.h5 g5 29.Bb3 Qb7 30.d5 Nc7
31.Bxc7 Rxc7 32.gxf5 Qb5 33.fxe6 a5 34.Qe4+ Kh8 35.d6 Rg7 36.d7 Rxd7 37.exd7 Qxd7
38.Qd4+  1-0

[Event "RUS-sf"]
[Site "Yaroslavl"]
[Date "1995.??.??"]
[Round "3"]
[White "Kornev, Alexei"]
[Black "Kozak, Vadim"]
[Result "0-1"]
[WhiteElo "2360"]
[BlackElo "2245"]

1.d4 Nf6 2.Bg5 e6 3.Nf3 h6 4.Bh4 d5 5.e3 c5 6.Nbd2 Be7 7.c3 Qb6 8.Qb3 Nc6
9.Be2 Bd7 10.Ne5 Nxe5 11.dxe5 Ne4 12.Nxe4 dxe4 13.Bxe7 Kxe7 14.Qc2 Bc6 15.O-O Qc7
16.f4 exf3 17.Bxf3 Bxf3 18.Rxf3 Qxe5 19.Raf1 Rhf8 20.Qa4 a6 21.Qb3 b5 22.c4 b4
23.Qa4 f5 24.Rg3 Rfd8 25.Qc6 Ra7 26.e4 Rd6 27.Qc8 Rd8 28.Qc6 f4 29.Rgf3 g5
30.g3 Rd6 31.Qc8 Qd4+ 32.Kh1 Rd8 33.Qc6 Rd6 34.Qc8 e5 35.Qg8 Rad7 36.h4 Qxe4
37.hxg5 Rg6 38.Qh7+ Kd8 39.Qh8+ Kc7 40.gxf4 exf4 41.Qf8 hxg5 42.Qxc5+ Qc6
43.Qa5+ Kc8 44.Kg1 Qb6+ 45.Qxb6 Rxb6 46.Re1 Rbd6 47.Re8+ Kc7 48.a3 Rd1+ 49.Kf2 R7d2+
50.Re2 Rxe2+ 51.Kxe2 Rb1 52.Rb3 bxa3 53.Rxa3 Rxb2+ 54.Kf3 Rb6 55.Kg4 Rf6
56.c5 Kb7 57.Rb3+ Ka7 58.Ra3 Rf8 59.Rb3 Rf6  0-1

[Event "EU-ch U16"]
[Site "Zagan"]
[Date "1995.??.??"]
[Round "2"]
[White "Dearing, Eddie"]
[Black "Vaklinov, Atanas"]
[Result "1-0"]
[WhiteElo "2060"]
[BlackElo "2025"]

1.d4 Nf6 2.Bg5 e6 3.e4 h6 4.Bxf6 Qxf6 5.Nf3 g6 6.Nc3 Bg7 7.Qd2 d6 8.O-O-O Qe7
9.Bc4 Nd7 10.Rhe1 O-O 11.e5 d5 12.Bd3 a6 13.h4 c5 14.dxc5 Nxc5 15.h5 g5 16.g4 Bd7
17.Nd4 Rfc8 18.Kb1 b5 19.f4 b4 20.Nce2 a5 21.Ng3 gxf4 22.Qxf4 a4 23.Nf3 b3
24.a3 bxc2+ 25.Bxc2 Rab8 26.g5 Ne4 27.Bxa4 Qxa3 28.Rd2 Bxa4 29.Nxe4 Bc6 30.Nf6+ Bxf6
31.gxf6 Qxf3 32.Rg1+  1-0

[Event "EU-ch U18"]
[Site "Zagan"]
[Date "1995.??.??"]
[Round "2"]
[White "Dumitrescu, Dragos"]
[Black "Gillen, Adrian"]
[Result "1/2-1/2"]
[WhiteElo "2375"]
[BlackElo "2225"]

1.d4 Nf6 2.Bg5 e6 3.e4 h6 4.Bxf6 Qxf6 5.Nf3 d6 6.Nbd2 g6 7.Bd3 Bg7 8.O-O Nd7
9.c3 Qe7 10.Nc4 b6 11.a4 a6 12.Re1 Bb7 13.Qe2 O-O 14.Rad1 Rfe8 15.h3 Nf8
16.Ne3 Nh7 17.Nd2 c5 18.Nf3 Red8 19.Nc4 Qc7 20.e5  1/2-1/2

[Event "EU-ch U18"]
[Site "Zagan"]
[Date "1995.??.??"]
[Round "5"]
[White "Dumitrescu, Dragos"]
[Black "Boudenne, Jean"]
[Result "1/2-1/2"]
[WhiteElo "2375"]
[BlackElo "2270"]

1.d4 Nf6 2.Bg5 e6 3.e4 h6 4.Bxf6 Qxf6 5.Nf3 g5 6.h3 Bg7 7.c3 d6 8.Nbd2 Qe7
9.Bd3 Nc6 10.Qe2 e5 11.d5 Nb8 12.Nh2 Nd7 13.Nhf1 Nf8 14.Ne3 Ng6 15.Bb5+ Kf8
16.Ndf1 a6 17.Ba4 Nf4 18.Qd2 h5 19.Ng3 Qf6 20.Kf1 g4 21.h4 Ng6 22.Ngf5 Ne7
23.Bc2 Bh6 24.Nxh6 Qxh6 25.Qd3 Bd7 26.g3 Kg7 27.Kg2 Rhf8 28.Qc4 Rac8 29.Qb3 Rb8
30.Rad1 f5 31.exf5 Nxf5 32.Nxf5+ Bxf5 33.Bxf5 Rxf5 34.Qc4 Rbf8 35.Rhf1 R8f7
36.a4 Qf6 37.Rd2 Rf3 38.Qe4 Qf5 39.Qxf5 R7xf5 40.a5 Kf6 41.Re1 Ke7 42.Re4  1/2-1/2

[Event "Hallsberg opJ32"]
[Site "Hallsberg"]
[Date "1996.12.28"]
[Round "1"]
[White "Schneider, Stefan"]
[Black "Zavoronkov, Vladimir"]
[Result "1-0"]
[WhiteElo "2225"]
[BlackElo "2265"]

1.d4 Nf6 2.Bg5 e6 3.e4 h6 4.Bxf6 Qxf6 5.Nc3 a6 6.Qd2 d6 7.O-O-O b5 8.e5 Qd8
9.f4 dxe5 10.fxe5 b4 11.Nce2 Bb7 12.Nf3 c5 13.Nf4 cxd4 14.Bc4 Nc6 15.Qe2 Qa5
16.Nxd4 Qxe5 17.Qxe5 Nxe5 18.Bxe6 fxe6 19.Rhe1 O-O-O 20.Nfxe6 Rd6 21.Nf4 Rxd4
22.Rxd4 Bc5 23.Rdd1 Ng4 24.Nd3 Bd6 25.h3 Nf6 26.Re2 Kc7 27.Kb1 a5 28.Rf1 Bc6
29.Rf5 a4 30.Kc1 Bd7 31.Rf1 Rb8 32.Rfe1 Bg3 33.Rd1 Rb5 34.Re7 Rg5 35.h4 Rg4
36.Nc5 Bd6 37.Ne6+ Kc6 38.Nd8+ Kc7 39.Ne6+  1-0

[Event "Asti op"]
[Site "Asti"]
[Date "1996.??.??"]
[Round "?"]
[White "Chilese, Carlo"]
[Black "Malano, Francesco"]
[Result "1-0"]
[WhiteElo "1940"]
[BlackElo "2080"]

1.d4 Nf6 2.Bg5 e6 3.Nf3 h6 4.Bf4 g5 5.Bg3 Ne4 6.Nbd2 Nxg3 7.hxg3 d6 8.e3 Bg7
9.Bd3 Nc6 10.c3 Bd7 11.Qc2 Rf8 12.O-O-O Qe7 13.e4 e5 14.d5 Nd8 15.Kb1 c6
16.dxc6 bxc6 17.Nc4 Nb7 18.Ne3 f6 19.g4 Be6 20.Nd2 Qc7 21.Bc4 Bd7 22.Ndf1 O-O-O
23.Ng3 Rh8 24.Nh5 Be8 25.Ba6 Bxh5 26.Rxh5 Qb6 27.Bxb7+ Qxb7 28.c4 Bf8 29.Rh3 Kd7
30.Nf5 Ke6 31.Rhd3 Rh7 32.Rb3 Qc7 33.c5 d5 34.exd5+ Rxd5 35.Rxd5 cxd5 36.Nd4+ exd4
37.Qf5+ Ke7 38.Qxh7+ Kd8 39.Qf5 Qe5 40.Qxe5 fxe5 41.Rb8+ Ke7  1-0

[Event "GRE-chT"]
[Site "Athens"]
[Date "1996.??.??"]
[Round "6"]
[White "Kosic, Dragan"]
[Black "Arakhamia, Ketevan"]
[Result "1/2-1/2"]
[WhiteElo "2530"]
[BlackElo "2455"]

1.d4 Nf6 2.Bg5 e6 3.Nf3 h6 4.Bh4 c5 5.e3 cxd4 6.exd4 Be7 7.Nbd2 b6 8.Bxf6 Bxf6
9.Bd3 Bb7 10.O-O Nc6 11.c3 O-O 12.Re1 Qc7 13.Ne4 Be7 14.Bc2 Rae8 15.Qd3 g6
16.h4 f5 17.Ned2 Bf6 18.a4 Ne7 19.c4 Kg7 20.Bb3 Qd6 21.Rad1 g5 22.Qe3 g4
23.Ne5 Bxh4 24.Nf1 Qc7 25.Qc3 d6 26.Nd3 Ng6 27.c5 bxc5 28.Bxe6 Bf6 29.Ng3 Bxd4
30.Qb3 Qc6 31.Nh5+ Kh7 32.Ndf4 Nxf4 33.Nxf4 Qb6 34.Qd3 Qxb2 35.Re2 Qc3 36.Bxf5+ Kg7
37.Qb5 Rxe2 38.Qxe2 Rxf5 39.Qxg4+ Rg5 40.Qd7+ Kh8 41.Qxb7 Bxf2+ 42.Kh1 Bg3
43.Qc8+ Rg8 44.Qf5 Bxf4 45.Qxf4 Qg7 46.g3 Rd8 47.Rxd6 Rxd6 48.Qxd6 c4 49.Kh2 Kh7
50.Qe6 Qc7 51.Qe4+ Kg7 52.Qd4+ Kf7 53.Qd5+ Kf6  1/2-1/2

[Event "AUT-chT9697"]
[Site "Austria"]
[Date "1996.??.??"]
[Round "1"]
[White "Schieder, Andreas"]
[Black "Titz, Heimo"]
[Result "0-1"]
[WhiteElo "2125"]
[BlackElo "2325"]

1.d4 Nf6 2.Bg5 e6 3.Nd2 c5 4.e3 Nc6 5.c3 d5 6.Bd3 Qb6 7.Rb1 Be7 8.f4 Qc7
9.Nh3 b6 10.O-O Bb7 11.Kh1 h6 12.Bh4 Ne4 13.Bxe4 Bxh4 14.Bd3 cxd4 15.exd4 O-O-O
16.Nf3 Be7 17.Ne5 Bd6 18.Qh5 g6 19.Qf3 Kb8 20.Nf2 g5 21.Qh5 Rdf8 22.Nfg4 f5
23.Nxc6+ Bxc6 24.Ne5 Bxe5 25.fxe5 Qe7 26.Qd1 h5 27.a4 h4 28.a5 b5 29.a6 Ka8
30.Qb3 Rb8 31.Rfc1 Rb6 32.Ra1 Rc8 33.Qb4 Qxb4 34.cxb4 Bd7 35.Rc5 Rcc6 36.Rxb5 Rxa6
37.Rba5 Rxa5 38.bxa5 Rc7 39.Rb1 Kb7 40.Kg1 a6 41.Kf2 Ba4 42.Ke2 Bc2 43.Ra1 f4
44.h3 g4 45.hxg4 Bxd3+ 46.Kxd3 Rg7 47.Ke2 Rxg4 48.Kf3 Rg3+ 49.Kxf4 Rxg2 50.Rh1 Rd2
51.Kg5 Rxd4 52.Kf6 Kc6 53.Kxe6 Rb4 54.b3 Rxb3 55.Rxh4 Kc5 56.Rh1 d4 57.Kf7 Rf3+
58.Ke7 d3 59.e6 Kd4 60.Kd7 Rf5 61.Rh4+ Kc3 62.e7 d2 63.Rh1 Rd5+ 64.Kc6 Re5
65.Kd7 Re1 66.Rh3+ Kb4 67.Rh4+ Kxa5 68.Rh5+ Kb6 69.Rh6+ Kb7 70.Rd6 d1=Q 71.Rxd1 Rxd1+
72.Ke6 Re1+ 73.Kd7 a5 74.e8=Q Rxe8 75.Kxe8  0-1